An introduction to thermodynamics and statistical mechanics / (Record no. 8701)

MARC details
000 -LEADER
fixed length control field 01084cam a22002897a 4500
001 - CONTROL NUMBER
control field 14953387
003 - CONTROL NUMBER IDENTIFIER
control field OSt
005 - DATE AND TIME OF LATEST TRANSACTION
control field 20240621131842.0
008 - FIXED-LENGTH DATA ELEMENTS--GENERAL INFORMATION
fixed length control field 070806s2007 enka b 001 0 eng
020 ## - INTERNATIONAL STANDARD BOOK NUMBER
International Standard Book Number 9780521865579
020 ## - INTERNATIONAL STANDARD BOOK NUMBER
International Standard Book Number 0521865573
040 ## - CATALOGING SOURCE
Original cataloging agency MUST
Transcribing agency MUST
082 04 - DEWEY DECIMAL CLASSIFICATION NUMBER
Classification number 536
Edition number 20
100 1# - MAIN ENTRY--PERSONAL NAME
Personal name Stowe, Keith S.,
Dates associated with a name 1943-
9 (RLIN) 17593
245 13 - TITLE STATEMENT
Title An introduction to thermodynamics and statistical mechanics /
Statement of responsibility, etc. Keith Stowe.
250 ## - EDITION STATEMENT
Edition statement 2nd ed.
260 ## - PUBLICATION, DISTRIBUTION, ETC. (IMPRINT)
Place of publication, distribution, etc. Cambridge, UK ;
-- New York :
Name of publisher, distributor, etc. Cambridge University Press,
Date of publication, distribution, etc. 2007.
300 ## - PHYSICAL DESCRIPTION
Extent xiii, 556 p. :
Other physical details ill. ;
Dimensions 26 cm.
504 ## - BIBLIOGRAPHY, ETC. NOTE
Bibliography, etc Includes bibliographical references and index.
650 #0 - SUBJECT ADDED ENTRY--TOPICAL TERM
Topical term or geographic name as entry element Thermodynamics.
650 #0 - SUBJECT ADDED ENTRY--TOPICAL TERM
Topical term or geographic name as entry element Statistical mechanics.
9 (RLIN) 8100
856 42 - ELECTRONIC LOCATION AND ACCESS
Materials specified Contributor biographical information
Uniform Resource Identifier <a href="http://www.loc.gov/catdir/enhancements/fy0803/2007298684-b.html">http://www.loc.gov/catdir/enhancements/fy0803/2007298684-b.html</a>
856 42 - ELECTRONIC LOCATION AND ACCESS
Materials specified Publisher description
Uniform Resource Identifier <a href="http://www.loc.gov/catdir/enhancements/fy0803/2007298684-d.html">http://www.loc.gov/catdir/enhancements/fy0803/2007298684-d.html</a>
856 41 - ELECTRONIC LOCATION AND ACCESS
Materials specified Table of contents only
Uniform Resource Identifier <a href="http://www.loc.gov/catdir/enhancements/fy0803/2007298684-t.html">http://www.loc.gov/catdir/enhancements/fy0803/2007298684-t.html</a>
906 ## - LOCAL DATA ELEMENT F, LDF (RLIN)
d 3
942 ## - ADDED ENTRY ELEMENTS (KOHA)
Source of classification or shelving scheme Dewey Decimal Classification
Koha item type Open Shelf
Holdings
Withdrawn status Lost status Source of classification or shelving scheme Damaged status Not for loan Home library Current library Date acquired Source of acquisition Inventory number Total Checkouts Full call number Barcode Date last seen Price effective from Koha item type
    Dewey Decimal Classification     MUST Main Library MUST Main Library 21/06/2024 Purchase 10/32107   536 STO 2007 2024-21009 21/06/2024 21/06/2024 Open Shelf